000 00921 a2200229 4500
008 080821t xxu||||| |||| 00| 0 eng d
010 _aENG-85032
020 _a8180545040
_c480.00
035 _aEN-68565
037 _bD.B.Act / Pub
082 _a657.042
100 _aGupta, R. L.
245 _aAdvanced financial accountancy
_bfor intermediate examination under revised syllabus of ICWA
_cby R. L. Gupta and M Radhaswamy
250 _a3rd ed
260 _aNew Delhi
_bSultan Chand and Sons
_c2006
270 _a23, Darya Ganj,
_bNew Delhi
_cDelhi
_e110002
_k23266105
_l23266357
300 _avarious pagings
_c24 cm (Pbk)
650 _aFinancial accountancy
700 _aRadhaswamy, M.
942 _adpl
_cEN
_k657.042 / GUP
_2ddc
_h657.042
_mGUP
999 _c933
_d933